| 000 | 00550nam a2200217Ia 4500 | ||
|---|---|---|---|
| 003 | OSt | ||
| 005 | 20221005132926.0 | ||
| 006 | a|||||r|||| 00| 0 | ||
| 007 | ta | ||
| 008 | 221004b |||||||| |||| 00| 0 eng d | ||
| 024 | _a114748 | ||
| 037 | _cTextual | ||
| 040 |
_aCRL _cCRL _beng |
||
| 041 |
_2eng _aeng |
||
| 100 |
_aBhushan Padukal _9641837 |
||
| 245 | 0 | _aVavsaye sangathan ke Sidhant | |
| 260 | _c1988 | ||
| 700 |
_a Agarwal Omprakash _9641838 |
||
| 942 |
_cTEXL _2cc |
||
| 999 |
_c1065198 _d1065198 |
||